Manual técnico de distribución y clientes : normas particulares para instalaciones de enlaces en edificios destinados principalmente a viviendas.
| Main Author: | |
|---|---|
| Format: | Section = Libro |
| Language: | Undetermined Spanish |
| Published: |
[s.l]
IBERDROLA
1996
|
| Subjects: |
| LEADER | 00648nam a2200193Ia 4500 | ||
|---|---|---|---|
| 008 | 240829s9999 xx 000 0 und d | ||
| 040 | |a BIBLIOTECA-RUSB/ Ref 621.3 I12 | ||
| 041 | |a spa | ||
| 082 | |a Ref 621.3 I12 | ||
| 100 | 1 | |a IBERDROLA. | |
| 245 | 1 | 0 | |a Manual técnico de distribución y clientes : normas particulares para instalaciones de enlaces en edificios destinados principalmente a viviendas. |
| 260 | |a [s.l] |b IBERDROLA |c 1996 | ||
| 300 | |a p. irreg. :il. | ||
| 650 | 7 | |a INGENIERIA ELECTRICA - NORMAS | |
| 650 | 7 | |b INSTALACIONES DE ALTA TENSION | |
| 650 | 7 | |c INSTALACIONES DE BAJA TENSION | |
| 942 | |c BK |2 ddc | ||
| 991 | |a TEXTO | ||
| 999 | |c 6110 | ||